| 000 | 00994nam a2200205Ii 4500 | ||
|---|---|---|---|
| 003 | JO-AjNU | ||
| 008 | 230605s9999||||xx |||||||||||||| ||und|| | ||
| 040 |
_aJO-AjNU _bara _erda _cJO-AjNU |
||
| 041 | _aara | ||
| 050 | 1 | 4 | _aKMV480.H39.2008 |
| 100 | 3 |
_aالهواري، أحمد محمد, _eauthor _953173 |
|
| 245 | 0 | 0 | _aالوجيز في القانون الدولي الخاص الإماراتي : دراسة لأحكام الجنسية الإماراتية و لحلول مشكلات تنازع القوانين و تنازع الاختصاص القضائي الدوليين في القانون الإماراتي |
| 250 | _aط1 | ||
| 264 | 3 | 1 | _aالشارقة : مكتبة الجامعة ، 2008 / الأردن : إثراء للنشر ، 2008 |
| 300 | _a512ص | ||
| 336 |
_atext _btxt _2rdacontent |
||
| 337 |
_aunmediated _bn _2rdamedia |
||
| 338 |
_avolume _bnc _2rdacarrier |
||
| 650 | 4 |
_aالقانون الدولي الخاص -- الإمارات العربية المتحدة _953174 |
|
| 999 |
_aA23599 _c27167 _d27167 |
||